01209nab a22002657a 4500999001500000003000400015005001700019008004100036040001100077100003300088245008200121260007300203300000900276500015500285505008900440650002800529650005800557650002900615650003200644650003500676650003500711650003300746773015100779942001300930 c5312d5312OSt20250218120633.0190603e xxum|||| |||| 00| 0 spa d cPJ-TDF 96363aNicolau, Noemí Lidia13aEl consentimiento del paciente para actos médicos /cNoemí Lidia Nicolau. cCiudad Autónoma de Buenos Aires :aThomson Reuters La Ley, b2024. ap. 7 aCita: TR LALEY AR/DOC/1980/2024. Publicado en: R.C.C. y C. 2024 (Septiembre-Octubre). EDICIÓN ESPECIAL: XXIX Jornadas Nacionales de Derecho Civil.  t¿Te interesa el texto completo? Solicitalo al correo: koha@justierradelfuego.gov.ar 09967aDERECHO DE FAMILIA 092741aDERECHOS DE LAS NIÑAS, NIÑOS Y ADOLESCENTES 091253aDERECHO A LA SALUD 091270aDERECHOS DEL PACIENTE 094273aCONSENTIMIENTO INFORMADO 093713aRESPONSABILIDAD MÉDICA 093951aDEBER DE INFORMACIÓN0 0271393170dCiudad Autónoma de Buenos Aires : Thomson Reuters La Ley, 2015-tRevista Código Civil y Comercial. Nº 5 - Septiembre-Octubre 2024 2udccANA